| 000 | 00593nam a2200181Ia 4500 | ||
|---|---|---|---|
| 008 | 190427s9999 xx 000 0 und d | ||
| 100 | _aMonroe, Lisa | ||
| 245 | _aIncreasing early childhood preservice teachers' intercultural sensitivity through the ABC's / | ||
| 245 | _cLisa Monroe and Jiening Ruan.-- | ||
| 260 | _bTaylor and Francis Group | ||
| 260 | _c2018 | ||
| 300 | _apages 1-15, January-March 2018 | ||
| 440 |
_aJournal of Early Childhood Teacher Education _v39(1) |
||
| 650 | _aEarly Childhood | ||
| 650 | _aIntercultural | ||
| 650 | _aPreservice | ||
| 650 | _aSensitivity | ||
| 999 |
_c361691 _d361691 |
||